Observations upon the warehousing system and navigation laws with a detailed account of many of the burthens to which the shipping and trade are subjected, (Record no. 552589)

000 -LEADER
fixed length control field 00631cam a2200169u 4500
082 ## - DEWEY DECIMAL CLASSIFICATION NUMBER
Classification number 387.5
Author Mark HAL
-- D
100 1# - MAIN ENTRY--PERSONAL NAME
Personal name Hall, John,
9 (RLIN) 49844
245 10 - TITLE STATEMENT
Title Observations upon the warehousing system and navigation laws with a detailed account of many of the burthens to which the shipping and trade are subjected,
260 ## - PUBLICATION, DISTRIBUTION, ETC.
Place of publication, distribution, etc. [London]
Name of publisher, distributor, etc. J.M. Richardson,
Date of publication, distribution, etc. 1821.
300 ## - PHYSICAL DESCRIPTION
Extent 1 p.l., 133 p.
Dimensions 23 cm.
526 ## - STUDY PROGRAM INFORMATION NOTE
Program name 0
Interest level 0
Reading level 0
Title point value 387_500000000000000_HAL
650 #0 - SUBJECT ADDED ENTRY--TOPICAL TERM
Topical term or geographic name entry element Maritime law
Geographic subdivision Great Britain.
9 (RLIN) 20030
650 #0 - SUBJECT ADDED ENTRY--TOPICAL TERM
Topical term or geographic name entry element MCE
9 (RLIN) 379
650 #0 - SUBJECT ADDED ENTRY--TOPICAL TERM
Topical term or geographic name entry element Warehouses
Geographic subdivision Great Britain.
9 (RLIN) 49845
700 1# - ADDED ENTRY--PERSONAL NAME
Personal name Wallace, Thomas Wallace,
9 (RLIN) 49846
942 ## - ADDED ENTRY ELEMENTS (KOHA)
Source of classification or shelving scheme
Koha item type Book
Holdings
Withdrawn status Lost status Source of classification or shelving scheme Damaged status Not for loan Permanent Location Current Location Shelving location Date acquired Total Checkouts Full call number Barcode Date last seen Price effective from Koha item type
          Military College of Engineering (MCE) Military College of Engineering (MCE)   01/19/2015   387.5 HAL MCE-ECS/74 01/19/2015 01/19/2015 Book
© 2023 Central Library, National University of Sciences and Technology. All Rights Reserved.